MARC details
| 000 -CABECERA |
| campo de control de longitud fija |
01935nam a22003497a 4500 |
| 001 - NÚMERO DE CONTROL |
| campo de control |
BRCA_9241 |
| 003 - IDENTIFICADOR DEL NÚMERO DE CONTROL |
| campo de control |
FranzMayer |
| 005 - FECHA Y HORA DE LA ÚLTIMA TRANSACCIÓN |
| campo de control |
20221005170201.0 |
| 008 - DATOS DE LONGITUD FIJA--INFORMACIÓN GENERAL |
| campo de control de longitud fija |
221005b |||||||| |||| 00| 0 eng d |
| 020 ## - NÚMERO INTERNACIONAL ESTÁNDAR DEL LIBRO |
| Número Internacional Estándar del Libro |
9786079862787 |
| 040 ## - FUENTE DE LA CATALOGACIÓN |
| Lengua de catalogación |
spa |
| Centro/agencia transcriptor |
MFM |
| 041 1# - CÓDIGO DE LENGUA |
| Código de lengua del texto/banda sonora o título independiente |
spa |
| -- |
eng |
| 050 ## - SIGNATURA TOPOGRÁFICA DE LA BIBLIOTECA DEL CONGRESO |
| Número de clasificación |
F1218.5 |
| Número de documento/Ítem |
.M49 2021 |
| 245 03 - MENCIÓN DE TÍTULO |
| Título |
El México antiguo : |
| Resto del título |
Colección del Museo Amparo |
| 264 #1 - PRODUCCIÓN, PUBLICACIÓN, DISTRIBUCIÓN, FABRICACIÓN Y COPYRIGHT |
| Producción, publicación, distribución, fabricación y copyright |
Ciudad de México : |
| Nombre del de productor, editor, distribuidor, fabricante |
Fundación Amparo, I. A. P. |
| Fecha de producción, publicación, distribución, fabricación o copyright |
2021 |
| 300 ## - DESCRIPCIÓN FÍSICA |
| Extensión |
373 pp : |
| Otras características físicas |
il. fot. ; |
| Dimensiones |
22.5 x 30 cm. |
| 504 ## - NOTA DE BIBLIOGRAFÍA, ETC. |
| Nota de bibliografía, etc. |
Incluye referencias bibliográficas |
| 505 ## - NOTA DE CONTENIDO CON FORMATO |
| Título |
Actualizar el pasado, comprender el presente, construir el futuro / |
| Mención de responsabilidad |
Lucia I. Alonso Espinosa, Ángeles Alonso Espinosa, Ramiro Martínez Estrada |
| 505 ## - NOTA DE CONTENIDO CON FORMATO |
| Título |
El Museo Amparo: nacimiento y tiempo presente / |
| Mención de responsabilidad |
Ana Garduño Ortega |
| 505 ## - NOTA DE CONTENIDO CON FORMATO |
| Título |
El arte de la antigüedad indígena en la modernidad el siglo XX / |
| Mención de responsabilidad |
Itzel Rodríguez Mortellaro |
| 505 ## - NOTA DE CONTENIDO CON FORMATO |
| Título |
El Museo Amparo, la Civilización del México antiguo y sus obras / |
| Mención de responsabilidad |
Pablo Escalante Gonzalbo |
| 505 ## - NOTA DE CONTENIDO CON FORMATO |
| Título |
Acervo fundacional |
| 505 ## - NOTA DE CONTENIDO CON FORMATO |
| Título |
Lista de ilustraciones |
| 505 ## - NOTA DE CONTENIDO CON FORMATO |
| Título |
Versión en ingles = English edition. |
| 520 ## - SUMARIO, ETC. |
| Sumario, etc. |
El presente catálogo da cuenta de las culturas y procesos históricos que tuvieron lugar en el territorio que hoy ocupa México, antes de la conquista española en el siglo XVI. La Colección del Museo Amparo corresponde exclusivamente a la mitad sur de México y sus costas. La edición incluye textos y fotografías a color a toda página de las piezas más reconocidas de la Colección de Arte Prehispánico del museo. |
| 546 ## - NOTA DE LENGUA/LENGUAJE |
| Nota de lengua/lenguaje |
Texto en español, con una versión en inglés (pp. 338-374) |
| 610 20 - PUNTO DE ACCESO ADICIONAL DE MATERIA--NOMBRE DE ENTIDAD CORPORATIVA |
| Nombre de entidad corporativa o nombre de jurisdicción como elemento de entrada |
Museo Amparo (Puebla, Mexico) |
| Subdivisión de forma |
Catálogos |
| 9 (RLIN) |
28593 |
| 650 #0 - PUNTO DE ACCESO ADICIONAL DE MATERIA--TÉRMINO DE MATERIA |
| Término de materia o nombre geográfico como elemento de entrada |
Arte indígena |
| Subdivisión geográfica |
México |
| Subdivisión de forma |
Catálogos |
| 9 (RLIN) |
28594 |
| 650 #0 - PUNTO DE ACCESO ADICIONAL DE MATERIA--TÉRMINO DE MATERIA |
| Término de materia o nombre geográfico como elemento de entrada |
Indígenas de México |
| Subdivisión general |
Antigüedades |
| Subdivisión de forma |
Catálogos |
| 9 (RLIN) |
28595 |
| 651 #0 - PUNTO DE ACCESO ADICIONAL DE MATERIA--NOMBRE GEOGRÁFICO |
| Nombre geográfico |
México |
| Subdivisión general |
Antigüedades |
| Subdivisión de forma |
Catálogos |
| 9 (RLIN) |
28596 |
| 942 ## - ELEMENTOS DE PUNTO DE ACCESO ADICIONAL (KOHA) |
| Fuente del sistema de clasificación o colocación |
Library of Congress Classification |
| Tipo de ítem Koha |
Libros |